Nguyên lý Tiếp thị ( 14th edition)

Spremljeno u:
Bibliografski detalji
Glavni autor: Kotle, Philip
Format: Knjiga
Jezik:English
Izdano: Prentice Hall 2011
Teme:
Oznake: Dodaj oznaku
Bez oznaka, Budi prvi tko označuje ovaj zapis!
Thư viện lưu trữ: Mạng thư viện Đại học Đà Nẵng
LEADER 01077cam a22003251a 4500
001 000035924
003 12216
005 20160323000000.0
008 160321s2011 000 eng
041 |a eng 
082 |a 659  |b KO-P 
100 |a Kotle, Philip 
245 |a Nguyên lý Tiếp thị ( 14th edition)  |c Philip Kotler & Gary Armstrong 
260 |a Prentice Hall  |c 2011 
300 |a 778tr . : mh ; 30cm 
650 |a Nguyên lý Tiếp thị , Tiếp thị 
852 |b Chuyên đề  |c Giáo trình 
OWN |a LNN 
AVA |a UDN50  |b LNN  |d 659 KO-P  |e available  |t Error 5001 Not defined in file expand_doc_bib_avail.  |f 1  |g 0  |h N  |i 0  |k 1 
999 |a From the UDN01 
AVA |a UDN50  |b LNN  |d 659 KO-P  |e available  |t Error 5001 Not defined in file expand_doc_bib_avail.  |f 1  |g 0  |h N  |i 0  |k 1 
TYP |a Monograph 
TYP |a Printed language 
980 |a Mạng thư viện Đại học Đà Nẵng